| 000 | 01349cam a2200241 4500 | ||
|---|---|---|---|
| 001 | ABS63870 | ||
| 008 | 000000n2001 000 0 eng u | ||
| 035 | _a(Sirsi) u112403 | ||
| 100 | _aWheatley, C. | ||
| 245 | _aFallout from Frisco | ||
| 260 | _c2001 | ||
| 490 |
_aEstates Gazette _v(0016) 21 April 2001, 57-59(3) |
||
| 520 | _aDescribes the problems faced by high-tech sector as companies in the UKmirror those of the United States by scaling back their property plans. Follows the fortunes of CISCO systems which has recently posted a profits warning and announced plans to sack a quarter of its global workforce. Warns there is a strong possibility of more problems in the future. For example in the part of the United States around Silicon Valley many companies are expected to collapse over the next 12 months. UK agents downplay the possibility of such a collapse here, but the market is still unpredictable. Tables show Thames Valley Office Space under construction and Cisco shares fall over the past year. | ||
| 590 | _aABS | ||
| 650 | _aHIGH TECH SECTOR | ||
| 650 | _aCISCO SYSTEMS | ||
| 650 | _aSHARE PRICES | ||
| 650 | _aPROPERTY-COMMERCIAL PROPERTY-OFFICE PROPERTY-OFFICE PROPERTY MARKET | ||
| 650 | _aUS ECONOMY | ||
| 650 | _aREADING | ||
| 690 | _aMANAGEMENT-BUSINESS MANAGEMENT-INFORMATION MANAGEMENT | ||
| 942 | _n0 | ||
| 999 |
_c66899 _d66899 |
||